Statistics for Biggest Cities That Aren't World Capitals with Exceptions - One Minute Sprint

Click here to take the quiz!

General Stats

  • This quiz has been taken 57 times
  • The average score is 7 of 20

Answer Stats

PopulationCity% Correct
17.1 milLagos
75%
21.8 milSão Paulo
68%
12.7 milRio de Janeiro
66%
5.1 milAlexandria
59%
4.6 milBarcelona
45%
5.1 milMilan
45%
5.4 milSt. Petersburg
45%
4.9 milSydney
41%
4.4 milMelbourne
36%
4.9 milBelo Horizonte
34%
3.8 milMedellin
32%
5.0 milAbidjan
30%
4.1 milCasablanca
25%
3.6 milSalvador
23%
5.3 milDar es Salaam
18%
4.1 milKano
18%
4.2 milNaples
18%
4.0 milPorto Alegre
18%
3.7 milRecife
18%
3.5 milFortaleza
14%

Score Distribution

Percentile by Number Answered

Percent of People with Each Score

Your Score History

You have not taken this quiz